00805nam a22002177a 450000500170000001000140001702000260003103500130005703700130007008200110008310000290009424500780012326000370020127000660023830000260030450000500033070000290038094200250040999900170043495201360045120100724123127.0 aENG-96472 a9788124604663c350.00 aEN-80005 bDBAD/PUB a509.34 aBiswal, Sadasiva 92352 aVedic science and technology /cby Sadasiva Biswal [and] Bidyut Lata Roy  aNew DelhibD. K Printworldc2009 aF-52,Bali Nagar,Ramesh Nagar Metro StationbNew Delhie110015 axvi,252p.c23cm (pbk) aIncludes bibliographical references and index a Roy, Bidyut Lata 91166 2ddccENh509.34mBIS c37533d37533 001040718NFICaDBADbDBADd2010-07-29eDBAD/PUBg350.00l0o509.34 BISpEN-80005r2010-07-29 00:00:00t1v350.00w2010-07-29yEN